Мировая экономика и международные экономические отношения: учебное пособие для вузов

書誌詳細
第一著者: Акельев Е. С. Евгений Сергеевич
団体著者: Национальный исследовательский Томский политехнический университет (ТПУ)
その他の著者: Ермушко Ж. А. Жанна Александровна
要約:В пособии в краткой форме изложен основной материал, отражающий содержание и основные характеристики мировой экономики и международных экономических отношений. С учетом специфики современных тенденций глобализации мировых экономических процессов освещается обширная зарубежная практика и методология формирования стратегических и оперативных решений в мировой экономике и международных экономических отношений. Рассматривается структура и закономерности функционирования мировой экономики, а также взаимодействие субъектов международных экономических отношений на современном этапе развития. Предназначено для студентов, обучающихся по специальности 080014 «Мировая экономика».
言語:ロシア語
出版事項: Томск, Изд-во ТПУ, 2014
主題:
フォーマット: MixedMaterials 図書
KOHA link:https://koha.lib.tpu.ru/cgi-bin/koha/opac-detail.pl?biblionumber=279627

MARC

LEADER 00000nam0a2200000 4500
001 279627
005 20240204133324.0
010 |a 9785438704348 
035 |a (RuTPU)RU\TPU\book\302932 
035 |a RU\TPU\book\260186 
090 |a 279627 
100 |a 20141222d2014 m y0rusy50 ca 
101 0 |a rus 
102 |a RU 
105 |a y j 001zy 
200 1 |a Мировая экономика и международные экономические отношения  |e учебное пособие для вузов  |f Е. С. Акельев, Ж. А. Ермушко  |g Национальный исследовательский Томский политехнический университет (ТПУ) 
210 |a Томск  |c Изд-во ТПУ  |d 2014 
215 |a 315 с. 
320 |a Библиогр.: с. 257-260. 
330 |a В пособии в краткой форме изложен основной материал, отражающий содержание и основные характеристики мировой экономики и международных экономических отношений. С учетом специфики современных тенденций глобализации мировых экономических процессов освещается обширная зарубежная практика и методология формирования стратегических и оперативных решений в мировой экономике и международных экономических отношений. Рассматривается структура и закономерности функционирования мировой экономики, а также взаимодействие субъектов международных экономических отношений на современном этапе развития. Предназначено для студентов, обучающихся по специальности 080014 «Мировая экономика». 
606 1 |a Мировая экономика  |2 stltpush  |3 (RuTPU)RU\TPU\subj\44096  |9 63470 
606 1 |a Международные экономические отношения  |2 stltpush  |3 (RuTPU)RU\TPU\subj\69990  |9 84584 
610 1 |a мировое хозяйство 
610 1 |a государство 
610 1 |a транснациональные компании 
610 1 |a международные экономические организации 
610 1 |a международная интеграция 
610 1 |a природно-ресурсный потенциал 
610 1 |a продовольственный кризис 
610 1 |a человеческие ресурсы 
610 1 |a международная торговля 
610 1 |a международное движение 
610 1 |a международное движение капитала 
610 1 |a международное движение трудовых ресурсов 
610 1 |a валютные системы 
610 1 |a внешнеэкономическая деятельность 
610 1 |a внешняя торговля 
610 1 |a тарифное регулирование 
610 1 |a государственное регулирование 
610 1 |a учебные пособия 
610 1 |a труды учёных ТПУ 
686 |a У5я73  |2 rubbk 
686 |a У580я73  |2 rubbk 
700 1 |a Акельев  |b Е. С.  |c экономист  |c ассистент Томского политехнического университета, кандидат экономических наук  |f 1982-  |g Евгений Сергеевич  |3 (RuTPU)RU\TPU\pers\30245 
701 1 |a Ермушко  |b Ж. А.  |c экономист  |c доцент Томского политехнического университета, кандидат экономических наук  |f 1965-  |g Жанна Александровна  |3 (RuTPU)RU\TPU\pers\25993  |9 11842 
712 0 2 |a Национальный исследовательский Томский политехнический университет (ТПУ)  |c (2009- )  |3 (RuTPU)RU\TPU\col\15902 
801 1 |a RU  |b 63413507  |c 20130212 
801 2 |a RU  |b 63413507  |c 20221209  |g RCR 
942 |c BK